000 00783nam a2200229Ii 4500
003 JO-AjNU
008 230605s9999||||xx |||||||||||||| ||und||
017 _a2021/8/4415
020 _a978-9923-77-902-6
040 _aJO-AjNU
_bara
_erda
_cJO-AjNU
041 _aara
050 1 4 _aLB1028.43.2022
100 3 _aالشمري، مي حمودي,
_eauthor
_962307
245 0 0 _aالتعليم التقني: واقع واداء
250 _aط1
264 3 1 _aعمان: دار زاد ناشرون وموزعون، 2022
300 _a180ص
336 _atext
_btxt
_2rdacontent
337 _aunmediated
_bn
_2rdamedia
338 _avolume
_bnc
_2rdacarrier
650 4 _aالتعليم الالكتروني-استخدام الحاسوب في التعليم-طرق التعلم
_962308
999 _aA28208
_c31776
_d31776